=LDR 00000nam 2200000 4500 =001 INLIS000000000002781 =005 20130612091113 =008 ***********************************Ind** =035 ##$$0010-061300000002781 =041 ##$$a Ind =082 ##$$a 371.1 =090 ##$$a 371.1, Fal k =100 ##$$a Al-Falasany, Judi =245 ##$$a Kunci sukses belajar bagi pelajar dan mahasiswa/oleh Judi Al-Falasany =260 ##$$a 1992 $b Semarang =300 ##$$a iv,126 hlm, 15 cm =650 ##$$a Belajar =850 ##$$a NBPNMAT